| 000 | 00636nam a2200205 u 4500 | ||
|---|---|---|---|
| 005 | 20240919064406.0 | ||
| 008 | 180122s1953 mx r 000 0 spa d | ||
| 035 | _aUPN01000222269 | ||
| 049 | _aCG | ||
| 050 | 4 |
_aHC21 _bR8.3 |
|
| 100 | 1 |
_aRubio Siliceo, Luis _941585 |
|
| 245 | 1 | 0 |
_aEvolución económica de los pueblos : _bantigüedad y edad media / _cLuis Rubio Siliceo. |
| 260 |
_aMéxico : _bImprenta Universitaria, _c1953. |
||
| 300 | _a278 p. | ||
| 650 | 7 |
_aHistoria económica _2 _910243 |
|
| 650 | 4 |
_aEconomía _xHistoria _916774 |
|
| 650 | 4 |
_aCIUDADES Y PUEBLOS - _xCRECIMIENTO _98021 |
|
| 905 | _aLibro | ||
| 999 |
_c194366 _d194366 |
||